003840000a22001570004500060000800000082001200008100002200020100002000042100002200062245001600084250000600100260004400106260000900150300000800159650005900167 a100 a581 FUL aCarothers, Zane B aFuller, Harry J aPayne, Willard W. aPlant world a5 aNew York, HOH, Rinehart and winston Inc c1972 a553 aBotany/ plants - physiology/ seeds/ plants - taxonomy